[Event "Belgrade Premier League"]
[Site "Belgrade"]
[Date "2021.10.06"]
[Round "5.3"]
[White "Lazic, Ljubisa V"]
[Black "Knezevic, Mladen Z"]
[Result "1-0"]
[WhiteElo "2120"]
[BlackElo "2102"]
[PlyCount "23"]
[EventDate "2021.10.01"]
[EventType "team-tourn"]
[EventRounds "11"]
[EventCountry "SRB"]
[SourceTitle "CBM 204 Extra"]
[Source "ChessBase"]
[SourceDate "2021.11.30"]
[SourceVersion "1"]
[SourceVersionDate "2021.11.30"]
[SourceQuality "1"]
[WhiteTeam "Belgrade PTT"]
[BlackTeam "Mirijevo"]
[WhiteTeamCountry "SRB"]
[BlackTeamCountry "SRB"]

1. d4 Nf6 2. Nf3 e6 3. Bg5 Be7 4. Nbd2 d5 5. e3 b6 6. c3 0-0 7. Qa4 Bb7 8. Bd3 c5 9. 0-0 Nbd7 10. Ne5 Nxe5 11. dxe5 Nd7 12. Qh4 1-0

[Event "Belgrade Premier League"]
[Site "Belgrade"]
[Date "2021.10.04"]
[Round "4.4"]
[White "Knezevic, Mladen Z"]
[Black "Grbic, Milorad"]
[Result "1/2-1/2"]
[WhiteElo "2102"]
[BlackElo "2256"]
[PlyCount "66"]
[EventDate "2021.10.01"]
[EventType "team-tourn"]
[EventRounds "11"]
[EventCountry "SRB"]
[SourceTitle "CBM 204 Extra"]
[Source "ChessBase"]
[SourceDate "2021.11.30"]
[SourceVersion "1"]
[SourceVersionDate "2021.11.30"]
[SourceQuality "1"]
[WhiteTeam "Mirijevo"]
[BlackTeam "Grocka"]
[WhiteTeamCountry "SRB"]
[BlackTeamCountry "SRB"]

1. Nf3 d5 2. c4 c6 3. b3 Nf6 4. Bb2 Nbd7 5. g3 e6 6. Bg2 Bd6 7. 0-0 0-0 8. d3 Qe7 9. Nbd2 Ba3 10. Qc1 Bxb2 11. Qxb2 b6 12. b4 Bb7 13. Rfc1 dxc4 14. Nxc4 c5 15. b5 Rfd8 16. a4 Ne8 17. a5 Nd6 18. axb6 Nxc4 19. Rxc4 axb6 20. Rca4 Qd6 21. Ne1 Bxg2 22. Nxg2 Rxa4 23. Rxa4 Qe5 24. Qxe5 Nxe5 25. Ne3 g5 26. Ra6 Rb8 27. Kg2 g4 28. h3 h5 29. hxg4 hxg4 30. Ra4 f5 31. Ra7 Kf8 32. Kf1 Rd8 33. Rb7 Rd6 1/2-1/2

[Event "Belgrade Premier League"]
[Site "Belgrade"]
[Date "2021.10.02"]
[Round "2.3"]
[White "Knezevic, Mladen Z"]
[Black "Tasev, Dejan"]
[Result "1-0"]
[WhiteElo "2102"]
[BlackElo "2305"]
[PlyCount "115"]
[EventDate "2021.10.01"]
[EventType "team-tourn"]
[EventRounds "11"]
[EventCountry "SRB"]
[SourceTitle "CBM 204 Extra"]
[Source "ChessBase"]
[SourceDate "2021.11.30"]
[SourceVersion "1"]
[SourceVersionDate "2021.11.30"]
[SourceQuality "1"]
[WhiteTeam "Mirijevo"]
[BlackTeam "Belgrade Turbina"]
[WhiteTeamCountry "SRB"]
[BlackTeamCountry "SRB"]

1. Nf3 Nf6 2. c4 g6 3. b4 Bg7 4. Bb2 0-0 5. g3 b6 6. Bg2 Bb7 7. 0-0 e6 8. d3 d6 9. Nbd2 Nbd7 10. a4 c5 11. b5 a6 12. Qc2 a5 13. Rad1 Qc7 14. e4 Rad8 15. Rfe1 e5 16. Nf1 h6 17. Ne3 Nh7 18. g4 Rfe8 19. Bc1 Ndf8 20. Nd5 Bxd5 21. cxd5 Qd7 22. h3 f5 23. gxf5 gxf5 24. Nh4 f4 25. Nf5 Ng6 26. Bf3 Nf6 27. Kh2 Kh7 28. Rg1 Rg8 29. Qe2 Bf8 30. Bg4 Qc7 31. Bd2 Nh8 32. Rg2 Qf7 33. Rdg1 Rg5 34. h4 Nxg4+ 35. Rxg4 Rg6 36. Rxg6 Nxg6 37. Qh5 Qf6 38. Kh3 Ne7 39. Kg4 Bg7 40. Kf3 Rg8 41. Nxe7 Qxe7 42. Rg6 Bf8 43. Re6 Qc7 44. Qf5+ Kh8 45. Qf6+ Kh7 46. Re8 Bg7 47. Qe7 Qxe7 48. Rxe7 Rc8 49. Rb7 c4 50. dxc4 Rxc4 51. Rxb6 Bf8 52. Rb8 Kg7 53. b6 Rxa4 54. Ra8 Ra3+ 55. Kg4 Rb3 56. Bxa5 Be7 57. Ra7 Kf6 58. b7 1-0

[Event "Belgrade-chT"]
[Site "Belgrade"]
[Date "2016.10.19"]
[Round "11.2"]
[White "Mirkovic, Slobodan"]
[Black "Knezevic, Mladen Z"]
[Result "1/2-1/2"]
[WhiteElo "2241"]
[BlackElo "2124"]
[PlyCount "34"]
[EventDate "2016.10.08"]
[EventType "team-tourn"]
[EventRounds "13"]
[EventCountry "SRB"]
[SourceTitle "CBM 175 Extra"]
[Source "ChessBase"]
[SourceDate "2016.12.12"]
[SourceVersion "1"]
[SourceVersionDate "2016.12.12"]
[SourceQuality "1"]
[WhiteTeam "Belgrade Radnicki"]
[BlackTeam "Mirijevo"]
[WhiteTeamCountry "SRB"]
[BlackTeamCountry "SRB"]

1. Nf3 Nf6 2. c4 e6 3. d4 Bb4+ 4. Nbd2 b6 5. e3 Bb7 6. Bd3 Ne4 7. 0-0 Nxd2 8. Bxd2 Bxd2 9. Nxd2 d6 10. f4 Nd7 11. Be4 Bxe4 12. Nxe4 0-0 13. Qf3 d5 14. Nd2 Nf6 15. Rac1 c6 16. Kh1 Rc8 17. Rfd1 Qe7 1/2-1/2

[Event "Belgrade-chT"]
[Site "Belgrade"]
[Date "2016.10.08"]
[Round "1.7"]
[White "Kostic, V Vladimir"]
[Black "Knezevic, Mladen Z"]
[Result "1/2-1/2"]
[WhiteElo "2286"]
[BlackElo "2124"]
[PlyCount "56"]
[EventDate "2016.10.08"]
[EventType "team-tourn"]
[EventRounds "13"]
[EventCountry "SRB"]
[SourceTitle "EXT 2017"]
[Source "ChessBase"]
[SourceDate "2016.10.25"]
[SourceVersion "1"]
[SourceVersionDate "2016.10.25"]
[SourceQuality "1"]
[WhiteTeam "Romanticari"]
[BlackTeam "Mirijevo"]
[WhiteTeamCountry "SRB"]
[BlackTeamCountry "SRB"]

1. c4 Nf6 2. g3 e6 3. Nf3 b6 4. Bg2 Bb7 5. 0-0 Be7 6. d4 0-0 7. Nc3 Ne4 8. Qc2 Nxc3 9. Qxc3 d6 10. b3 Nd7 11. Bb2 a5 12. Rfd1 Nf6 13. Rac1 Be4 14. Bh3 Re8 15. Ne1 c5 16. Qe3 d5 17. Nd3 Bxd3 18. Rxd3 dxc4 19. bxc4 Qc7 20. Bg2 Rad8 21. Qf3 cxd4 22. Rxd4 Rxd4 23. Bxd4 Rd8 24. Qc3 Ne8 25. c5 Bxc5 26. e3 Rc8 27. Qb2 Qd6 28. Be5 Qd8 1/2-1/2

[Event "Belgrade-chT"]
[Site "Belgrade"]
[Date "2015.09.29"]
[Round "8.5"]
[White "Skaric, Djuro"]
[Black "Knezevic, Mladen Z"]
[Result "1/2-1/2"]
[WhiteElo "2263"]
[BlackElo "2102"]
[PlyCount "53"]
[EventDate "2015.09.21"]
[EventType "team-tourn"]
[EventRounds "9"]
[EventCountry "SRB"]
[SourceTitle "CBM 168 Extra"]
[Source "ChessBase"]
[SourceDate "2015.10.29"]
[SourceVersion "1"]
[SourceVersionDate "2015.10.29"]
[SourceQuality "1"]
[WhiteTeam "Belgrade Sigurnost"]
[BlackTeam "Mirijevo"]
[WhiteTeamCountry "SRB"]
[BlackTeamCountry "SRB"]

1. Nf3 Nf6 2. c4 e6 3. Nc3 Bb4 4. g4 Bxc3 5. dxc3 Nc6 6. Qc2 d6 7. g5 Nh5 8. Bd2 e5 9. 0-0-0 b6 10. Bg2 Bb7 11. Be3 Qe7 12. Qa4 0-0 13. Nxe5 Qxe5 14. Bxc6 Bxc6 15. Qxc6 Rac8 16. Rd4 Rfe8 17. Rg1 g6 18. Rgg4 Ng7 19. Rde4 Qxh2 20. Rxe8+ Rxe8 21. Qxc7 Nf5 22. Qd7 Re6 23. Rf4 Qg1+ 24. Kd2 Qb1 25. Rxf5 Qxb2+ 26. Kd1 Qb1+ 27. Kd2 1/2-1/2

[Event "Belgrade-chT"]
[Site "Belgrade"]
[Date "2015.09.22"]
[Round "2.3"]
[White "Zarkovic, Mila"]
[Black "Knezevic, Mladen Z"]
[Result "1/2-1/2"]
[WhiteElo "2205"]
[BlackElo "2102"]
[PlyCount "56"]
[EventDate "2015.09.21"]
[EventType "team-tourn"]
[EventRounds "9"]
[EventCountry "SRB"]
[SourceTitle "CBM 168 Extra"]
[Source "ChessBase"]
[SourceDate "2015.10.29"]
[SourceVersion "1"]
[SourceVersionDate "2015.10.29"]
[SourceQuality "1"]
[WhiteTeam "Itaka"]
[BlackTeam "Mirijevo"]
[WhiteTeamCountry "SRB"]
[BlackTeamCountry "SRB"]

1. e4 c6 2. d4 d5 3. e5 Bf5 4. Nd2 e6 5. Ngf3 Nd7 6. Nb3 a6 7. Be3 Qc7 8. Bd3 Bxd3 9. Qxd3 c5 10. Nxc5 Nxc5 11. dxc5 Bxc5 12. Bxc5 Qxc5 13. 0-0 Ne7 14. c3 Nc6 15. Rfe1 h6 16. Nd2 Rd8 17. Nb3 Qc4 18. Qxc4 dxc4 19. Nc5 Rd5 20. Nxb7 Nxe5 21. Rad1 Rxd1 22. Rxd1 Ke7 23. b4 cxb3 24. axb3 Rc8 25. c4 g5 26. Kf1 Rc7 27. Na5 Rd7 28. Rxd7+ Kxd7 1/2-1/2

[Event "Belgrade-chT"]
[Site "Belgrade"]
[Date "2014.10.26"]
[Round "8"]
[White "Knezevic, Mladen Z"]
[Black "Matovic, Sasa"]
[Result "0-1"]
[WhiteElo "2140"]
[BlackElo "2176"]
[PlyCount "146"]
[EventDate "2014.10.04"]
[EventType "team-tourn"]
[EventRounds "13"]
[EventCountry "SRB"]
[SourceTitle "EXT 2015"]
[Source "ChessBase"]
[SourceDate "2014.11.20"]
[SourceVersion "1"]
[SourceVersionDate "2014.11.20"]
[SourceQuality "1"]

1. Nf3 d5 2. c4 c6 3. b3 Nf6 4. g3 Bf5 5. Bg2 Nbd7 6. 0-0 h6 7. Bb2 e6 8. d3 Be7 9. Nbd2 0-0 10. Qc2 Rc8 11. e4 Bh7 12. Ne5 Nxe5 13. Bxe5 d4 14. Bxf6 Bxf6 15. f4 e5 16. fxe5 Bxe5 17. Bh3 Rc7 18. Nf3 Re7 19. Nh4 g6 20. Qd2 Kg7 21. Rae1 Qc7 22. Kg2 f6 23. Re2 c5 24. Ref2 Rd8 25. Qd1 h5 26. Nf3 Rd6 27. Ng1 b6 28. Kh1 Bg8 29. Ne2 g5 30. Bf5 Bf7 31. Rg2 Re8 32. Nf4 Rh8 33. Nd5 Qd8 34. Kg1 h4 35. Kf2 hxg3+ 36. hxg3 Qb8 37. Rh1 Rdd8 38. Qg1 Rxh1 39. Qxh1 Rh8 40. Qg1 Rh6 41. Kf1 Qh8 42. Qf2 Rh1+ 43. Rg1 Qh5 44. Ke1 Rxg1+ 45. Qxg1 Qf3 46. Kd2 Bxg3 47. Qd1 Qf2+ 48. Qe2 Bf4+ 49. Nxf4 Qxf4+ 50. Kc2 Kh6 51. Bg4 Bg6 52. Kb2 Kg7 53. Kc2 Qg3 54. Kb2 Kf8 55. Be6 Ke7 56. Bc8 Kd6 57. Bg4 Ke5 58. Bf5 Bxf5 59. exf5+ Qe3 60. Qh2+ Kxf5 61. Qh7+ Kg4 62. a4 f5 63. Qxa7 Qd2+ 64. Ka3 Qc3 65. Ka2 Qc2+ 66. Ka1 Qxb3 67. Qa8 Qa3+ 68. Kb1 Qxd3+ 69. Kc1 Qxc4+ 70. Kb2 Qc3+ 71. Ka2 Qd2+ 72. Ka3 c4 73. Qd5 c3 0-1

[Event "Belgrade-chT"]
[Site "Belgrade"]
[Date "2014.10.05"]
[Round "2"]
[White "Knezevic, Mladen Z"]
[Black "Jovanovic, Sasa M"]
[Result "1/2-1/2"]
[WhiteElo "2140"]
[BlackElo "2280"]
[PlyCount "74"]
[EventDate "2014.10.04"]
[EventType "team-tourn"]
[EventRounds "13"]
[EventCountry "SRB"]
[SourceTitle "EXT 2015"]
[Source "ChessBase"]
[SourceDate "2014.11.20"]
[SourceVersion "1"]
[SourceVersionDate "2014.11.20"]
[SourceQuality "1"]

1. Nf3 Nf6 2. g3 b6 3. Bg2 Bb7 4. 0-0 g6 5. c4 Bg7 6. d4 c5 7. Nc3 cxd4 8. Nxd4 Bxg2 9. Kxg2 Qc8 10. b3 h5 11. h4 Qb7+ 12. Kg1 Ne4 13. Nxe4 Qxe4 14. Be3 Nc6 15. Nxc6 dxc6 16. Rc1 Be5 17. Qd3 Qxd3 18. exd3 0-0-0 19. Rfd1 Rd7 20. Kf1 Rhd8 21. Ke2 c5 22. Rc2 a5 23. a3 Kb7 24. Bc1 Kc6 25. Bb2 Bxb2 26. Rxb2 e5 27. b4 cxb4 28. axb4 e4 29. bxa5 bxa5 30. Ra1 exd3+ 31. Kd2 Re8 32. Kc3 Re2 33. Rd2 Rxd2 34. Kxd2 Kc5 35. Rxa5+ Kxc4 36. Ra4+ Kc5 37. Ra3 Rd5 1/2-1/2

[Event "Belgrade-chT"]
[Site "Belgrade"]
[Date "2014.10.04"]
[Round "1"]
[White "Knezevic, Mladen Z"]
[Black "Nonkovic, Bogdana"]
[Result "1-0"]
[WhiteElo "2140"]
[BlackElo "2061"]
[PlyCount "69"]
[EventDate "2014.10.04"]
[EventType "team-tourn"]
[EventRounds "13"]
[EventCountry "SRB"]
[SourceTitle "EXT 2015"]
[Source "ChessBase"]
[SourceDate "2014.11.20"]
[SourceVersion "1"]
[SourceVersionDate "2014.11.20"]
[SourceQuality "1"]

1. Nf3 d5 2. g3 e6 3. Bg2 Nf6 4. 0-0 c5 5. c4 Nc6 6. cxd5 exd5 7. d4 Be7 8. dxc5 Bxc5 9. Nc3 0-0 10. Na4 Be7 11. Be3 Ne4 12. Rc1 Qa5 13. a3 Rd8 14. Nd4 Nxd4 15. Bxd4 Bf5 16. Nc3 Rac8 17. Nxe4 Bxe4 18. e3 Rxc1 19. Qxc1 a6 20. b4 Qb5 21. Qc7 Qd7 22. Rc1 h6 23. Bxe4 dxe4 24. Qe5 Bf6 25. Qxe4 Bxd4 26. exd4 Qxd4 27. Qxb7 Qf6 28. Rc8 Rxc8 29. Qxc8+ Kh7 30. Qc2+ g6 31. Qb3 Kg7 32. a4 Qa1+ 33. Kg2 Qe5 34. Qc4 Qd6 35. b5 1-0

[Event "Belgrade Trophy 21st"]
[Site "Obrenovac"]
[Date "2008.12.03"]
[Round "7"]
[White "Knezevic, Mladen Z"]
[Black "Draskovic, Luka"]
[Result "1-0"]
[WhiteElo "2167"]
[BlackElo "1988"]
[PlyCount "69"]
[EventDate "2008.11.27"]
[EventType "swiss"]
[EventRounds "9"]
[EventCountry "YUG"]
[SourceTitle "CBM 127 Extra"]
[Source "ChessBase"]
[SourceDate "2009.01.08"]
[SourceVersion "2"]
[SourceVersionDate "2009.01.28"]
[SourceQuality "1"]

1. Nf3 Nf6 2. c4 c6 3. g3 d5 4. b3 Bg4 5. Bg2 e6 6. 0-0 Bd6 7. Bb2 0-0 8. d3 Nbd7 9. Nbd2 Qe7 10. Qc2 a5 11. a3 Bh5 12. e4 dxe4 13. Nxe4 Nxe4 14. dxe4 Nc5 15. Nh4 Bg6 16. Nf5 Bxf5 17. exf5 Rfd8 18. b4 Na6 19. c5 Bb8 20. Bc3 Nc7 21. Rae1 Nb5 22. Bb2 axb4 23. axb4 f6 24. f4 Nd4 25. Bxd4 Rxd4 26. b5 cxb5 27. Qb3 Kf8 28. Qxb5 Raa4 29. Rb1 Rac4 30. Qxb7 Qxc5 31. Rb5 Qa7 32. Qxb8+ Qxb8 33. Rxb8+ Ke7 34. Rb7+ Kd6 35. fxe6 1-0

[Event "Belgrade Trophy 20th"]
[Site "Belgrade"]
[Date "2007.11.27"]
[Round "6"]
[White "Simic, Radoslav"]
[Black "Knezevic, Mladen Z"]
[Result "1-0"]
[WhiteElo "2394"]
[BlackElo "2172"]
[PlyCount "83"]
[EventDate "2007.11.22"]
[EventType "swiss"]
[EventRounds "9"]
[EventCountry "YUG"]
[SourceTitle "CBM 121 Extra"]
[Source "ChessBase"]
[SourceDate "2008.01.10"]
[SourceVersion "1"]
[SourceVersionDate "2008.01.10"]
[SourceQuality "1"]

1. c4 Nf6 2. g3 e6 3. Bg2 d5 4. Nf3 Be7 5. d4 0-0 6. 0-0 b6 7. Ne5 Bb7 8. Nc3 Nbd7 9. Qa4 Nxe5 10. dxe5 Ne4 11. cxd5 Nxc3 12. bxc3 exd5 13. Rd1 c6 14. c4 Qc7 15. cxd5 cxd5 16. Bf4 Rfd8 17. e6 Qc6 18. Qxc6 Bxc6 19. Rac1 Bc5 20. exf7+ Kxf7 21. Be3 d4 22. Bxc6 dxe3 23. Bxa8 exf2+ 24. Kf1 Rxa8 25. Rc3 Ke6 26. e3 Rf8 27. Rd2 Rf7 28. Rxf2 Re7 29. Rd3 Rb7 30. Rc2 Ke5 31. Rc4 g5 32. Ke2 h5 33. Rd8 Be7 34. Re8 Kd5 35. Kd3 b5 36. Re4 Bf6 37. Rf8 Bg7 38. Rf5+ Kd6 39. Rxg5 a5 40. Rxh5 a4 41. Rg4 Rd7 42. Rxb5 1-0

[Event "Belgrade Trophy 20th"]
[Site "Belgrade"]
[Date "2007.11.25"]
[Round "4"]
[White "Lagerman, Robert"]
[Black "Knezevic, Mladen Z"]
[Result "1/2-1/2"]
[WhiteElo "2346"]
[BlackElo "2172"]
[PlyCount "36"]
[EventDate "2007.11.22"]
[EventType "swiss"]
[EventRounds "9"]
[EventCountry "YUG"]
[SourceTitle "CBM 121 Extra"]
[Source "ChessBase"]
[SourceDate "2008.01.10"]
[SourceVersion "1"]
[SourceVersionDate "2008.01.10"]
[SourceQuality "1"]

1. e4 c6 2. d4 d5 3. Nd2 dxe4 4. Nxe4 Nf6 5. Nxf6+ exf6 6. Nf3 Bd6 7. Be2 0-0 8. 0-0 Re8 9. Be3 Nd7 10. Qd2 Nf8 11. c4 Ng6 12. Rfd1 Qc7 13. d5 c5 14. b4 b6 15. bxc5 bxc5 16. h3 Nf4 17. Bxf4 Bxf4 18. Qc2 Rb8 1/2-1/2